[Event "Jim Hurt U1800 Mem"]
[Site "San Francisco"]
[Date "2005.12.10"]
[Round "1"]
[White "Adkins, Rico"]
[Black "Lupton, Stephen"]
[Result "1-0"]
[WhiteElo "1682"]
[BlackElo "1326"]
[PlyCount "117"]
[EventDate "2005.12.10"]
[EventType "swiss"]
[EventRounds "6"]
[EventCountry "USA"]

1. Nf3 Nf6 2. c4 g6 3. Nc3 Bg7 4. d4 O-O 5. e4 d6 6. h3 c5 7. d5 Na6 8. Rb1 Qa5
9. Bd2 Bd7 10. a3 Rab8 11. Nb5 Qb6 12. Qa4 Nc7 13. Ba5 Qa6 14. Nxc7 Bxa4 15.
Nxa6 bxa6 16. Nd2 Bc2 17. Rc1 Bxe4 18. Bc3 Bh6 19. b4 Rfd8 20. f3 Bf5 21. g4
Bc8 22. h4 Bf4 23. Rb1 Bxd2+ 24. Bxd2 e6 25. Bc3 Ne8 26. Bd3 a5 27. bxc5 Rxb1+
28. Bxb1 a4 29. c6 exd5 30. Ba5 Nc7 31. Bxc7 Re8+ 32. Kd2 dxc4 33. Re1 Be6 34.
Be4 Rc8 35. Bxd6 Rd8 36. Kc3 Rxd6 37. c7 Kf8 38. Rb1 Rb6 39. Rxb6 axb6 40. Bb7
Ke7 41. c8=Q Bxc8 42. Bxc8 b5 43. Ba6 Kd6 44. Bxb5 Kc5 45. Bxc4 f6 46. Bg8 h6
47. Bf7 f5 48. h5 Kb5 49. Be8+ Ka5 50. Kc4 Kb6 51. Bxa4 Ka5 52. Bc2 Kb6 53. Kb4
Ka6 54. a4 Kb6 55. a5+ Ka6 56. Bd3+ Kb7 57. Kb5 Ka7 58. a6 Kb8 59. Kb6 1-0

[Event "Jim Hurt U1800 Mem"]
[Site "San Francisco"]
[Date "2005.12.10"]
[Round "1"]
[White "Belanoff, Ted"]
[Black "Starr, Albert"]
[Result "0-1"]
[WhiteElo "1770"]
[BlackElo "1496"]
[PlyCount "71"]
[EventDate "2005.12.10"]
[EventType "swiss"]
[EventRounds "6"]
[EventCountry "USA"]

1. e4 c5 2. Nc3 e6 3. Bc4 a6 4. a4 d6 5. d3 Nf6 6. Bg5 Be7 7. Nf3 O-O 8. Qd2
Nbd7 9. h4 Ng4 10. Qf4 Nge5 11. Bb3 Nxf3+ 12. gxf3 Ne5 13. Bxe7 Qxe7 14. Kd2
Ng6 15. Qg3 f5 16. Rag1 Bd7 17. h5 f4 18. Qh3 Ne5 19. Rg2 Kh8 20. Rhg1 Rf7 21.
Ne2 Rg8 22. Qh2 Nxf3+ 23. Kc1 Nxh2 24. Rxh2 h6 25. Rg4 Rf6 26. Nxf4 Qe8 27.
Rhg2 e5 28. Ng6+ Kh7 29. R4g3 Be6 30. c4 Qf7 31. Bc2 Rxf2 32. d4 Rxg2 33. Rxg2
Qf1+ 34. Kd2 Qxg2+ 35. Kc3 cxd4+ 36. Kb3 0-1

[Event "Jim Hurt U1800 Mem"]
[Site "San Francisco"]
[Date "2005.12.10"]
[Round "1"]
[White "Donovan, John P"]
[Black "Woebcke, Carl"]
[Result "0-1"]
[WhiteElo "1324"]
[BlackElo "1670"]
[PlyCount "50"]
[EventDate "2005.12.10"]
[EventType "swiss"]
[EventRounds "6"]
[EventCountry "USA"]

1. d4 d5 2. c4 e6 3. Nc3 Nf6 4. Bg5 Be7 5. Bxf6 Bxf6 6. e3 c6 7. Nf3 Nd7 8. b4
dxc4 9. Bxc4 b5 10. Bb3 a5 11. a3 c5 12. bxc5 Nxc5 13. O-O Ba6 14. dxc5 Bxc3
15. Qc2 Bxa1 16. Rd1 Qf6 17. c6 Qc3 18. Rd7 Rc8 19. Qxc3 Bxc3 20. Ng5 Rxc6 21.
Rxf7 Bf6 22. f4 Bxg5 23. Ra7 Bd8 24. a4 b4 25. f5 Bb6 0-1

[Event "Jim Hurt U1800 Mem"]
[Site "San Francisco"]
[Date "2005.12.10"]
[Round "1"]
[White "Krubnik, Ewelina"]
[Black "Garbe, Kevin"]
[Result "1-0"]
[WhiteElo "1751"]
[BlackElo "1365"]
[PlyCount "60"]
[EventDate "2005.12.10"]
[EventType "swiss"]
[EventRounds "6"]
[EventCountry "USA"]

1. d4 Nf6 2. c4 g6 3. Nc3 Bg7 4. e4 d6 5. Nf3 O-O 6. Be2 Nbd7 7. O-O e5 8. d5
Nc5 9. Qc2 a5 10. Ne1 c6 11. f3 cxd5 12. cxd5 Bd7 13. Nd3 Rc8 14. Nxc5 Rxc5 15.
Be3 Rc8 16. Qd2 Qc7 17. Rac1 Qd8 18. Nb5 Qe7 19. Qxa5 Ne8 20. Rxc8 Bxc8 21. Rc1
Bd7 22. Qb6 Bxb5 23. Bxb5 f5 24. Bxe8 Qxe8 25. Qxd6 fxe4 26. fxe4 Rf6 27. Qc7
Rf7 28. Qc8 Qxc8 29. Rxc8+ Rf8 30. Rxf8+ Kxf8 {
remainder illegible; W promoted the d-pawn in another 15-20 moves} 1-0

[Event "Jim Hurt U1800 Mem"]
[Site "San Francisco"]
[Date "2005.12.10"]
[Round "1"]
[White "Saguid, Vincent"]
[Black "Ling, Charles"]
[Result "0-1"]
[WhiteElo "1478"]
[BlackElo "1753"]
[PlyCount "56"]
[EventDate "2005.12.10"]
[EventType "swiss"]
[EventRounds "6"]
[EventCountry "USA"]

1. Nf3 d5 2. g3 Nf6 3. Bg2 e6 4. O-O c5 5. d3 Nc6 6. Nbd2 e5 7. c4 d4 8. h3 Bd6
9. Ng5 O-O 10. Nge4 Nxe4 11. Nxe4 Be7 12. e3 f5 13. Qh5 g6 14. Qh6 fxe4 15. h4
exd3 16. f4 Rf5 17. g4 Bf8 18. Qg5 Rxg5 19. hxg5 Bxg4 20. Kf2 dxe3+ 21. Bxe3
Be6 22. Rh1 exf4 23. Bxf4 Qd4+ 24. Kg3 Bd6 25. Bxd6 Qxd6+ 26. Kf2 Rf8+ 27. Ke3
Qd4+ 28. Kd2 Rf2+ 0-1

[Event "Jim Hurt U1800 Mem"]
[Site "San Francisco"]
[Date "2005.12.10"]
[Round "1"]
[White "Salvo, Tab"]
[Black "Chinchwadkar, Ojas"]
[Result "0-1"]
[WhiteElo "1740"]
[BlackElo "1362"]
[PlyCount "33"]
[EventDate "2005.12.10"]
[EventType "swiss"]
[EventRounds "6"]
[EventCountry "USA"]

1. e4 Nf6 2. Bc4 d6 3. d4 g6 4. Qe2 Bg7 5. Nc3 O-O 6. Bg5 c6 7. Nf3 Bg4 8. O-O
e5 9. dxe5 dxe5 10. Rad1 Nbd7 11. Qe3 Qc7 12. Bh6 b5 13. Be2 b4 14. Nb1 Bxh6
15. Qxh6 Nxe4 16. Nbd2 Nxd2 17. Rxd2 {remainder illegible} 0-1

[Event "Jim Hurt U1800 Mem"]
[Site "San Francisco"]
[Date "2005.12.10"]
[Round "1"]
[White "Sandberg, Evan"]
[Black "Litowsky, Dan"]
[Result "1/2-1/2"]
[WhiteElo "1353"]
[BlackElo "1700"]
[PlyCount "83"]
[EventDate "2005.12.10"]
[EventType "swiss"]
[EventRounds "6"]
[EventCountry "USA"]

1. e4 e5 2. Nf3 Nc6 3. Bc4 Nf6 4. Ng5 d5 5. exd5 Nxd5 6. Nxf7 Kxf7 7. Qf3+ Qf6
8. Bxd5+ Ke8 9. Bxc6+ bxc6 10. Qxf6 gxf6 11. Nc3 Be6 12. O-O Rg8 13. g3 h5 14.
Ne4 Kf7 15. d3 Be7 16. Be3 a5 17. Bc5 f5 18. Bxe7 Kxe7 19. Nc3 h4 20. Rfe1 Kf6
21. Ne2 Rab8 22. b3 Bd5 23. d4 exd4 24. Nxd4 hxg3 25. fxg3 Rg4 26. c3 c5 27.
Ne2 Re8 28. Rad1 Bc6 29. Kf2 Rh8 30. h4 Rhg8 31. Nf4 Be4 32. Nd5+ Bxd5 33. Rxd5
Rxg3 34. Rxc5 Rg2+ 35. Ke3 Rxa2 36. Rc6+ Ke5 37. Kf3+ Kd5 38. Rxc7 Rgg2 39.
Rd1+ Ke6 40. Rf1 Rh2 41. Kg3 Rhg2+ 42. Kf3 1/2-1/2

[Event "Jim Hurt U1800 Mem"]
[Site "San Francisco"]
[Date "2005.12.10"]
[Round "1"]
[White "Stephenson, Lloyd"]
[Black "Litras, Marika"]
[Result "0-1"]
[WhiteElo "1782"]
[BlackElo "1654"]
[PlyCount "67"]
[EventDate "2005.12.10"]
[EventType "swiss"]
[EventRounds "6"]
[EventCountry "USA"]

1. Nf3 d5 2. g3 Nf6 3. Bg2 c5 4. d3 Nc6 5. O-O e6 6. Nbd2 Be7 7. c3 O-O 8. Qc2
b6 9. e4 Qc7 10. Re1 dxe4 11. dxe4 e5 12. Nf1 Be6 13. Ng5 Bc8 14. Ne3 h6 15.
Nf3 Be6 16. Nf5 Rad8 17. N3h4 Bc4 18. Bf1 Bxf1 19. Kxf1 c4 20. Nxe7+ Nxe7 21.
h3 Rd3 22. Nf5 Rfd8 23. Nxe7+ Qxe7 24. Qa4 Qc7 25. Ke2 Nxe4 26. Kf1 Nf6 27. Be3
Nd5 28. Rad1 Nxe3+ 29. fxe3 e4 30. Kg2 Rd2+ 31. Rxd2 Rxd2+ 32. Kf1 Qxg3 33.
Qe8+ Kh7 34. Qxe4+ 0-1

[Event "Jim Hurt U1800 Mem"]
[Site "San Francisco"]
[Date "2005.12.10"]
[Round "1"]
[White "Yamamoto, Craig"]
[Black "Dupree, Charles"]
[Result "1-0"]
[WhiteElo "1524"]
[BlackElo "1772"]
[PlyCount "63"]
[EventDate "2005.12.10"]
[EventType "swiss"]
[EventRounds "6"]
[EventCountry "USA"]

1. e4 c5 2. d4 cxd4 3. c3 d3 4. Bxd3 e6 5. Nf3 Nc6 6. O-O Qc7 7. Nbd2 Nf6 8.
Nb3 b6 9. Bg5 Bb7 10. Qe2 h6 11. Bh4 Nh5 12. Qe3 g5 13. Bg3 Nxg3 14. fxg3 Bc5
15. Nxc5 bxc5 16. Qxc5 g4 17. Nd4 a6 18. Nxc6 Bxc6 19. e5 Rg8 20. Be4 Rg5 21.
Bxc6 dxc6 22. Rae1 Rd8 23. Rf6 Rd5 24. Qb4 Rdxe5 25. Ref1 Rb5 26. Qa3 Qb6+ 27.
Kh1 Rg7 28. Rxe6+ fxe6 29. Qf8+ Kd7 30. Qxg7+ Kd6 31. Qf8+ Kd5 32. Rd1+ 1-0

[Event "Jim Hurt U1800 Mem"]
[Site "San Francisco"]
[Date "2005.12.10"]
[Round "2"]
[White "Dupree, Charles"]
[Black "Sandberg, Evan"]
[Result "1/2-1/2"]
[WhiteElo "1772"]
[BlackElo "1353"]
[PlyCount "47"]
[EventDate "2005.12.10"]
[EventType "swiss"]
[EventRounds "6"]
[EventCountry "USA"]

1. e4 c5 2. b4 cxb4 3. a3 bxa3 4. Nxa3 e5 5. Nf3 Nc6 6. Bb2 Bxa3 7. Rxa3 d6 8.
d4 exd4 9. Nxd4 Nf6 10. Bb5 Bd7 11. Nf5 Bxf5 12. exf5 O-O 13. O-O a6 14. Bxc6
bxc6 15. Qd3 Re8 16. Rxa6 Rxa6 17. Qxa6 Qd7 18. Bxf6 gxf6 19. g4 h5 20. f3 h4
21. Kf2 d5 22. Qa3 Qc7 23. Rh1 Qf4 24. Qd3 1/2-1/2

[Event "Jim Hurt U1800 Mem"]
[Site "San Francisco"]
[Date "2005.12.10"]
[Round "2"]
[White "Jangle, Hemang"]
[Black "Stephenson, Lloyd"]
[Result "0-1"]
[WhiteElo "1355"]
[BlackElo "1782"]
[PlyCount "86"]
[EventDate "2005.12.10"]
[EventType "swiss"]
[EventRounds "6"]
[EventCountry "USA"]

1. e4 c6 2. d4 d5 3. Nc3 dxe4 4. Nxe4 Nd7 5. Nf3 Ngf6 6. Bd3 Nxe4 7. Bxe4 Nf6
8. Bd3 Bg4 9. h3 Bh5 10. Be3 e6 11. O-O Be7 12. Be2 Qc7 13. c4 O-O 14. Qb3 Bg6
15. Bd3 Bxd3 16. Qxd3 Rfd8 17. Qb3 Ne4 18. Rad1 c5 19. Rfe1 b6 20. Qc2 Nf6 21.
Bg5 h6 22. Be3 Rac8 23. b3 cxd4 24. Nxd4 a6 25. a4 Bb4 26. Re2 e5 27. Nf3 Rxd1+
28. Qxd1 Ne4 29. Bxb6 Qb7 30. Qd5 Qxb6 31. Qxe4 f6 32. Qd5+ Kh8 33. Qd3 Rd8 34.
Qe3 Qc7 35. Qe4 Qb6 36. Qe3 Bc5 37. Qc3 Rd1+ 38. Ne1 Bd4 39. Qf3 Qb4 40. Kf1
Bc3 41. Qe3 Qxb3 42. c5 Qc4 43. Qf3 Rxe1# 0-1

[Event "Jim Hurt U1800 Mem"]
[Site "San Francisco"]
[Date "2005.12.10"]
[Round "2"]
[White "Ling, Charles"]
[Black "Chan, John"]
[Result "1-0"]
[WhiteElo "1753"]
[BlackElo "1659"]
[PlyCount "79"]
[EventDate "2005.12.10"]
[EventType "swiss"]
[EventRounds "6"]
[EventCountry "USA"]

1. e4 c5 2. Nf3 Nc6 3. d4 cxd4 4. Nxd4 d6 5. Nc3 a6 6. f4 e6 7. Be2 Be7 8. O-O
h5 9. f5 e5 10. Nb3 Qb6+ 11. Kh1 Nf6 12. Bg5 Bd7 13. Bxf6 Bxf6 14. Nd5 Qd8 15.
Bxh5 Ne7 16. Nxf6+ gxf6 17. Bf3 Bb5 18. Rf2 Qb6 19. Rd2 Rd8 20. Nc1 Nc8 21. a4
Bc6 22. Nd3 Ke7 23. a5 Qe3 24. Ra3 Qh6 25. h3 Na7 26. c4 Be8 27. Nb4 Bc6 28.
Rad3 Nc8 29. c5 Qf4 30. Nxc6+ bxc6 31. cxd6+ Kf8 32. Qa4 Qg3 33. Qxc6 Kg7 34.
d7 Ne7 35. Qc5 Ng8 36. Qf2 Qg5 37. Bd1 Kf8 38. Rg3 Qh6 39. Qc5+ Ne7 40. Qc7 1-0

[Event "Jim Hurt U1800 Mem"]
[Site "San Francisco"]
[Date "2005.12.10"]
[Round "2"]
[White "Litowsky, Dan"]
[Black "Steele, John"]
[Result "1-0"]
[WhiteElo "1700"]
[BlackElo "1533"]
[PlyCount "69"]
[EventDate "2005.12.10"]
[EventType "swiss"]
[EventRounds "6"]
[EventCountry "USA"]

1. e4 d6 2. d4 Nf6 3. Nc3 g6 4. Nf3 Bg7 5. h3 O-O 6. Be3 c6 7. Bc4 b5 8. Bd3 a5
9. a3 Bb7 10. Ne2 Nbd7 11. O-O Qc7 12. c3 e5 13. Ng3 exd4 14. cxd4 Rae8 15. Rc1
Qb6 16. Qd2 h5 17. Rfe1 c5 18. dxc5 dxc5 19. b3 b4 20. axb4 axb4 21. Bh6 Ne5
22. Nxe5 Rxe5 23. Bxg7 Kxg7 24. Kh1 Qd6 25. Qc2 Nh7 26. f4 Ree8 27. Re3 Rd8 28.
e5 Qc7 29. Nxh5+ gxh5 30. Bxh7 Rh8 31. Rg3+ Kf8 32. Qf5 Qc8 33. Qxh5 f6 34.
Qh6+ Ke8 35. Rg7 1-0

[Event "Jim Hurt U1800 Mem"]
[Site "San Francisco"]
[Date "2005.12.10"]
[Round "2"]
[White "Litras, Marika"]
[Black "Krubnik, Ewelina"]
[Result "0-1"]
[WhiteElo "1654"]
[BlackElo "1751"]
[PlyCount "92"]
[EventDate "2005.12.10"]
[EventType "swiss"]
[EventRounds "6"]
[EventCountry "USA"]

1. e4 e5 2. Nf3 Nc6 3. Bb5 a6 4. Ba4 Nf6 5. O-O Nxe4 6. d4 b5 7. Bb3 d5 8. dxe5
Be6 9. Be3 Bc5 10. Bxc5 Nxc5 11. Re1 O-O 12. Nbd2 Re8 13. c3 Nxb3 14. Nxb3 Bg4
15. Nbd4 Nxe5 16. Rxe5 Rxe5 17. Nc6 Bxf3 18. Qxf3 Qd6 19. Nxe5 Qxe5 20. Rd1 c6
21. h3 Re8 22. Qg4 Qe2 23. Rd4 Qxg4 24. hxg4 Re1+ 25. Kh2 Re2 26. a4 Rxf2 27.
axb5 axb5 28. b3 Re2 29. c4 bxc4 30. bxc4 Re4 31. Rxe4 dxe4 32. Kg3 g6 33. g5
f5 34. gxf6 Kf7 35. Kf4 Kxf6 36. Kxe4 Ke6 37. Kd4 Kd6 38. c5+ Ke6 39. Ke4 h6
40. Kd4 h5 41. Ke4 g5 42. g3 h4 43. gxh4 gxh4 44. Kf4 h3 45. Kg3 Kd5 46. Kxh3
Kxc5 0-1

[Event "Jim Hurt U1800 Mem"]
[Site "San Francisco"]
[Date "2005.12.10"]
[Round "2"]
[White "Salvo, Tab"]
[Black "Donovan, John P"]
[Result "1-0"]
[WhiteElo "1740"]
[BlackElo "1324"]
[PlyCount "55"]
[EventDate "2005.12.10"]
[EventType "swiss"]
[EventRounds "6"]
[EventCountry "USA"]

1. Nf3 d5 2. c4 e6 3. b3 Nf6 4. Bb2 Bc5 5. g3 Nc6 6. Bg2 e5 7. Nxe5 Nxe5 8.
Bxe5 Ng4 9. d4 Bb4+ 10. Kf1 O-O 11. Bxd5 Nxe5 12. a3 Ng4 13. axb4 Qf6 14. Bf3
c6 15. Nc3 Rd8 16. e3 Ne5 17. Be2 Bh3+ 18. Kg1 Qf5 19. e4 Qf6 20. f4 Rxd4 21.
Qc1 Ng6 22. Qe3 Rad8 23. Kf2 Ne5 24. Rad1 Rxd1 25. Rxd1 Rxd1 26. Nxd1 Bg4 27.
Kg1 Bxe2 28. Qxe2 1-0

[Event "Jim Hurt U1800 Mem"]
[Site "San Francisco"]
[Date "2005.12.10"]
[Round "2"]
[White "Shenkman, Nikita"]
[Black "Saguid, Vincent"]
[Result "0-1"]
[WhiteElo "1278"]
[BlackElo "1478"]
[PlyCount "58"]
[EventDate "2005.12.10"]
[EventType "swiss"]
[EventRounds "6"]
[EventCountry "USA"]

1. e4 d6 2. d4 Nf6 3. Nc3 g6 4. Bc4 Bg7 5. Nf3 O-O 6. O-O h6 7. Be3 c6 8. Qd2
Kh7 9. Rad1 Bg4 10. Be2 b5 11. d5 b4 12. Na4 c5 13. h3 Nxe4 14. Qd3 Bf5 15. g4
Nxf2 16. Qd2 Nxd1 17. Rxd1 Bc8 18. b3 Bb7 19. Qd3 Nd7 20. h4 Nf6 21. g5 Nxd5
22. gxh6 Bxh6 23. Bxh6 Kxh6 24. Qd2+ Kg7 25. Qg5 Nf6 26. Ne5 Rh8 27. Bc4 Rh5
28. Nxf7 Rxg5+ 29. hxg5 Qd7 0-1

[Event "Jim Hurt U1800 Mem"]
[Site "San Francisco"]
[Date "2005.12.10"]
[Round "2"]
[White "Starr, Albert"]
[Black "Sowell, Nelson"]
[Result "0-1"]
[WhiteElo "1496"]
[BlackElo "1736"]
[PlyCount "120"]
[EventDate "2005.12.10"]
[EventType "swiss"]
[EventRounds "6"]
[EventCountry "USA"]

1. b4 g6 2. Bb2 Nf6 3. e3 Bg7 4. Nf3 O-O 5. Be2 b6 6. O-O Bb7 7. d3 c5 8. b5 a6
9. a4 axb5 10. axb5 Rxa1 11. Bxa1 d5 12. Nbd2 Nbd7 13. c4 Qa8 14. Re1 Rd8 15.
Qb3 Qa7 16. Bf1 Ra8 17. Bc3 Qa2 18. Qxa2 Rxa2 19. Ra1 Rxa1 20. Bxa1 dxc4 21.
dxc4 Ne4 22. Bxg7 Nxd2 23. Nxd2 Kxg7 24. f4 Kf6 25. g4 e5 26. g5+ Ke7 27. h4
exf4 28. exf4 Nf8 29. Bg2 Bc8 30. Kf2 Ne6 31. Ke3 Nd4 32. Bd5 Nf5+ 33. Ke4 Nxh4
34. Ke5 Nf5 35. Nb1 h6 36. gxh6 Nxh6 37. Nc3 f6+ 38. Ke4 Kd6 39. Bc6 Be6 40.
Bd5 Bf5+ 41. Kf3 Bd3 42. Ne4+ Bxe4+ 43. Kxe4 g5 44. fxg5 fxg5 45. Kf3 Ke5 46.
Kg3 Kd4 47. Be6 Kc3 48. Bd5 Nf5+ 49. Kg4 Ne3+ 50. Kxg5 Kd4 51. Bf3 Nxc4 52. Kf4
Na3 53. Be2 c4 54. Bxc4 Kxc4 55. Ke3 Nxb5 56. Kd2 Kb3 57. Kc1 Na3 58. Kd2 b5
59. Kc1 b4 60. Kd2 Kb2 0-1

[Event "Jim Hurt U1800 Mem"]
[Site "San Francisco"]
[Date "2005.12.10"]
[Round "2"]
[White "Woebcke, Carl"]
[Black "Chinchwadkar, Ojas"]
[Result "1-0"]
[WhiteElo "1670"]
[BlackElo "1362"]
[PlyCount "77"]
[EventDate "2005.12.10"]
[EventType "swiss"]
[EventRounds "6"]
[EventCountry "USA"]

1. e4 e5 2. f4 d5 3. exd5 e4 4. d3 Nf6 5. dxe4 Nxe4 6. Nf3 Be7 7. Qe2 Bf5 8.
Nbd2 Qxd5 9. c4 Qa5 10. Nd4 Bg6 11. f5 Bh4+ 12. g3 c5 13. fxg6 O-O 14. Qxe4
cxd4 15. Qxh4 Re8+ 16. Kd1 fxg6 17. Bg2 Nc6 18. Bd5+ Kh8 19. Ne4 Rad8 20. Ng5
h6 21. Nf7+ Kh7 22. Nxd8 Nxd8 23. Bd2 Qc7 24. Qf4 Ne6 25. Qxc7 Nxc7 26. Re1 Rf8
27. Kc2 Rf2 28. Re7 Na6 29. Rxb7 Rxh2 30. b4 Rf2 31. a3 Rf8 32. Rxa7 Nb8 33.
Bf4 Rc8 34. Bxb8 Rxb8 35. Rf1 Rh8 36. Rff7 Rg8 37. Rfe7 Rf8 38. Rxg7+ Kh8 39.
Rh7# 1-0

[Event "Jim Hurt U1800 Mem"]
[Site "San Francisco"]
[Date "2005.12.10"]
[Round "2"]
[White "Yamamoto, Craig"]
[Black "Adkins, Rico"]
[Result "1-0"]
[WhiteElo "1524"]
[BlackElo "1682"]
[PlyCount "53"]
[EventDate "2005.12.10"]
[EventType "swiss"]
[EventRounds "6"]
[EventCountry "USA"]

1. e4 c5 2. d4 cxd4 3. c3 Nf6 4. e5 Nd5 5. cxd4 e6 6. g3 Nc6 7. Bg2 Qa5+ 8. Bd2
Qb6 9. Bc3 Nxc3 10. bxc3 Qb2 11. Nd2 Qxc3 12. Ne2 Qa5 13. a3 d6 14. exd6 Bxd6
15. O-O Qa6 16. Ne4 Be7 17. d5 exd5 18. Qxd5 Qxe2 19. Nd6+ Kd8 20. Nxb7+ Kc7
21. Qxc6+ Kb8 22. Rfe1 Qb2 23. Reb1 Qxa1 24. Rxa1 a5 25. Rb1 Bxa3 26. Nxa5+ Ka7
27. Qb6# 1-0

[Event "Jim Hurt U1800 Mem"]
[Site "San Francisco"]
[Date "2005.12.10"]
[Round "3"]
[White "Chan, John"]
[Black "Chinchwadkar, Ojas"]
[Result "1-0"]
[WhiteElo "1659"]
[BlackElo "1362"]
[PlyCount "59"]
[EventDate "2005.12.10"]
[EventType "swiss"]
[EventRounds "6"]
[EventCountry "USA"]

1. c4 e5 2. Nc3 Nf6 3. g3 c6 4. Bg2 d5 5. cxd5 cxd5 6. e3 Nc6 7. a3 a5 8. Nge2
Bc5 9. Na4 Ba7 10. b3 O-O 11. Bb2 Be6 12. Rc1 Bb8 13. Nc5 Bf5 14. Nxb7 Qb6 15.
Nc5 Ne7 16. Na4 Qb5 17. Nec3 Qd3 18. Bf1 Bg4 19. Bxd3 Bxd1 20. Nxd1 e4 21. Be2
Bd6 22. O-O Rac8 23. Ndc3 Nc6 24. Nb5 Be7 25. Bxf6 Bxf6 26. Nb6 Rc7 27. Nxc7
Ne5 28. Ncxd5 Nf3+ 29. Bxf3 exf3 30. d4 1-0

[Event "Jim Hurt U1800 Mem"]
[Site "San Francisco"]
[Date "2005.12.10"]
[Round "3"]
[White "Krubnik, Ewelina"]
[Black "Woebcke, Carl"]
[Result "1/2-1/2"]
[WhiteElo "1751"]
[BlackElo "1670"]
[PlyCount "67"]
[EventDate "2005.12.10"]
[EventType "swiss"]
[EventRounds "6"]
[EventCountry "USA"]

1. d4 d5 2. c4 e6 3. Nc3 Nf6 4. e3 c6 5. Bd3 dxc4 6. Bxc4 b5 7. Bd3 Bb7 8. Nge2
a6 9. Ne4 Nbd7 10. O-O c5 11. dxc5 Bxe4 12. Bxe4 Nxe4 13. b4 Be7 14. Qc2 Bf6
15. Rb1 Nexc5 16. bxc5 Rc8 17. Ba3 Be7 18. Qb2 Bf6 19. Nd4 Nxc5 20. Rfd1 Qb6
21. Rbc1 O-O 22. Bb4 Rfd8 23. Qa3 Na4 24. Be7 Bxe7 25. Qxe7 Nc3 26. Rd2 h6 27.
h3 Qb8 28. Qa3 b4 29. Qb2 e5 30. Nb3 Qb5 31. Kh2 Rd3 32. Rxd3 Qxd3 33. Na5 Qb5
34. Nb3 1/2-1/2

[Event "Jim Hurt U1800 Mem"]
[Site "San Francisco"]
[Date "2005.12.10"]
[Round "3"]
[White "Litowsky, Dan"]
[Black "Yamamoto, Craig"]
[Result "1-0"]
[WhiteElo "1700"]
[BlackElo "1524"]
[PlyCount "79"]
[EventDate "2005.12.10"]
[EventType "swiss"]
[EventRounds "6"]
[EventCountry "USA"]

1. e4 e5 2. Nc3 Nf6 3. Bc4 Bc5 4. h3 O-O 5. d3 c6 6. Nf3 b5 7. Bb3 a5 8. a3 a4
9. Ba2 d6 10. O-O Be6 11. Be3 Nbd7 12. Qd2 Bxa2 13. Nxa2 Re8 14. Nb4 Qc7 15. c3
Bb6 16. c4 Nc5 17. Bxc5 Bxc5 18. Nc2 bxc4 19. Ne3 Bxe3 20. Qxe3 cxd3 21. Qxd3
d5 22. Nd2 Red8 23. Qc2 Qd7 24. Rfd1 Nh5 25. Rac1 Nf4 26. Kh2 Ne2 27. Rb1 Nd4
28. Qd3 f5 29. exd5 cxd5 30. Qe3 Qd6 31. Kh1 f4 32. Qd3 Rdc8 33. Nf3 Nxf3 34.
Qxf3 Rc5 35. Rd2 Rac8 36. Qd1 d4 37. Qxa4 d3 38. Qb3+ Rd5 39. Rxd3 Rd8 40. Rbd1
1-0

[Event "Jim Hurt U1800 Mem"]
[Site "San Francisco"]
[Date "2005.12.10"]
[Round "3"]
[White "Saguid, Vincent"]
[Black "Salvo, Tab"]
[Result "0-1"]
[WhiteElo "1478"]
[BlackElo "1740"]
[PlyCount "72"]
[EventDate "2005.12.10"]
[EventType "swiss"]
[EventRounds "6"]
[EventCountry "USA"]

1. Nf3 Nf6 2. g3 g6 3. Bg2 Bg7 4. O-O O-O 5. d3 d6 6. e4 Bg4 7. h3 Bxf3 8. Qxf3
c5 9. Nc3 Nc6 10. Be3 Rb8 11. a4 Nd7 12. Qd1 a6 13. Qd2 Nb4 14. Rac1 b5 15.
axb5 axb5 16. Bh6 e5 17. Bxg7 Kxg7 18. Ra1 Qb6 19. Kh2 Nf6 20. Ra3 Ra8 21. Rfa1
Rxa3 22. Rxa3 Nc6 23. Ne2 b4 24. Ra1 Nh5 25. Bf3 Nf6 26. Bg4 c4 27. Qe1 Nxg4+
28. hxg4 cxd3 29. cxd3 Nd4 30. Nxd4 Qxd4 31. Qd2 b3 32. Kg2 Rc8 33. Rc1 Rxc1
34. Qxc1 Qxd3 35. Qc6 Qd2 36. Qa6 Qxb2 0-1

[Event "Jim Hurt U1800 Mem"]
[Site "San Francisco"]
[Date "2005.12.10"]
[Round "3"]
[White "Sandberg, Evan"]
[Black "Litras, Marika"]
[Result "0-1"]
[WhiteElo "1353"]
[BlackElo "1654"]
[PlyCount "147"]
[EventDate "2005.12.10"]
[EventType "swiss"]
[EventRounds "6"]
[EventCountry "USA"]

1. e4 e5 2. Nf3 Nf6 3. d4 Nxe4 4. dxe5 d5 5. Bd3 Bf5 6. O-O Be7 {NAM} 7. Bxe4
Bxe4 8. Nbd2 Bg6 9. c4 {NAM} O-O 10. cxd5 Qxd5 11. Qb3 Rd8 12. Qxd5 Rxd5 13.
Nc4 Bd3 14. Ne3 Rd8 15. Rd1 Nc6 16. b3 Be2 17. Rxd8+ Rxd8 18. Bb2 Bxf3 19. gxf3
Rd2 20. Nc4 Rd7 21. Kg2 Bc5 22. Re1 b5 23. Ne3 Rd2 24. Nd1 Nb4 25. Bc3 Rxa2 26.
Bxb4 Bxb4 27. Re4 a5 28. Ne3 Bc5 29. e6 fxe6 30. Rxe6 Kf7 31. Re5 Bxe3 32. Rxe3
Ra3 33. Rc3 c6 34. Rxc6 Rxb3 35. Kf1 Rxf3 36. Ke2 Rf6 37. Rc5 Rb6 38. Kd3 a4
39. Rc2 Ke6 40. Ra2 Kd5 41. Kc3 Kc5 42. Kd3 Kb4 43. Rb2+ Ka3 44. Rb1 b4 45. Kc4
b3 46. Ra1+ Kb2 47. Rxa4 Kc2 48. Kc5 Rb8 49. Rc4+ Kb1 50. Kd4 b2 51. Kd3 Ka2
52. Rc2 Ka1 53. Rxb2 Rxb2 54. Ke3 Kb1 55. h4 Rb4 56. f4 Kc2 57. Kf3 Kc3 58. Kg3
Kd3 59. f5 Ke4 60. Kg4 Ke5+ 61. Kg5 Rf4 62. h5 Rxf5+ 63. Kg4 h6 64. Kh4 Kf4 65.
Kh3 Rxh5+ 66. Kg2 g5 67. Kg1 g4 68. Kg2 Rg5 69. Kh2 h5 70. Kg2 h4 71. Kh2 Kf3
72. Kg1 g3 73. Kf1 h3 74. Kg1 0-1

[Event "Jim Hurt U1800 Mem"]
[Site "San Francisco"]
[Date "2005.12.10"]
[Round "3"]
[White "Sowell, Nelson"]
[Black "Ling, Charles"]
[Result "0-1"]
[WhiteElo "1736"]
[BlackElo "1753"]
[PlyCount "72"]
[EventDate "2005.12.10"]
[EventType "swiss"]
[EventRounds "6"]
[EventCountry "USA"]

1. d4 Nf6 2. c4 g6 3. g3 Bg7 4. Bg2 d6 5. Nf3 O-O 6. O-O Nbd7 7. Qc2 e5 8. Rd1
Re8 9. Nc3 c6 10. dxe5 dxe5 11. Bg5 Qc7 12. Rac1 h6 13. Be3 Ng4 14. Bd2 e4 15.
Nxe4 Qb6 16. c5 Qxb2 17. Qa4 b5 18. cxb6 Nxb6 19. Qxc6 Bd7 20. Qb7 Bc8 21. Qc6
Re6 22. Qc7 Rxe4 23. h3 Nf6 24. Bc3 Qxa2 25. Ne5 Bxh3 26. Bxh3 Rf8 27. e3 Nfd5
28. Qc5 Nxc3 29. Nc6 Rc4 30. Ne7+ Kh7 31. Qd6 Ne2+ 32. Kg2 Nxc1 33. Rd2 Rc2 34.
Rxc2 Qxc2 35. Qf4 Nd3 36. Qf3 Ne1+ 0-1

[Event "Jim Hurt U1800 Mem"]
[Site "San Francisco"]
[Date "2005.12.10"]
[Round "3"]
[White "Steele, John"]
[Black "Dupree, Charles"]
[Result "1/2-1/2"]
[WhiteElo "1533"]
[BlackElo "1772"]
[PlyCount "89"]
[EventDate "2005.12.10"]
[EventType "swiss"]
[EventRounds "6"]
[EventCountry "USA"]

1. Nf3 Nf6 2. g3 b6 3. Bg2 Bb7 4. O-O e6 5. d3 c5 6. c4 Be7 7. Nc3 d6 8. a3 O-O
9. b4 a6 10. b5 a5 11. a4 Nbd7 12. Bb2 Qc7 13. e4 Rad8 14. Nd2 Qb8 15. f4 Qa8
16. g4 h6 17. h4 Nh7 18. g5 f5 19. Qh5 Rfe8 20. gxh6 Bf6 21. Rf2 Bd4 22. Raf1
Re7 23. Nd1 Nhf6 24. Qg6 Bxb2 25. Nxb2 Ng4 26. Rf3 Rf8 27. exf5 Nxh6 28. Rg3
Rf6 29. Qh5 Rxf5 30. Qxh6 Bxg2 31. Rxg2 Qxg2+ 32. Kxg2 gxh6 33. Nd1 Rg7+ 34.
Kf3 h5 35. Nf2 Nf6 36. Nfe4 Nxe4 37. Nxe4 d5 38. Nd6 Rf8 39. cxd5 exd5 40. Re1
Rd7 41. Re6 Kg7 42. f5 Rxd6 43. Rxd6 Rxf5+ 44. Ke3 Rf6 45. Rxd5 1/2-1/2